Statistics for Italy World Cup Squad 2014

Click here to take the quiz!

General Stats

  • This quiz has been taken 235 times
  • The average score is 13 of 23

Answer Stats

PositionAnswer% Correct
GKGianluigi Buffon
99%
DFGiorgio Chiellini
90%
FWMario Balotelli
87%
DFLeonardo Bonucci
83%
MFAndrea Pirlo
82%
DFAndrea Barzagli
77%
MFClaudio Marchisio
70%
GKSalvatore Sirigu
69%
MFDaniele De Rossi
65%
FWCiro Immobile
61%
FWLorenzo Insigne
50%
MFMarco Veratti
50%
DFMattia De Sciglio
50%
DFIgnazio Abate
49%
MFAntonio Candreva
44%
GKMattia Perin
40%
DFMatteo Darmian
39%
FWAntonio Cassano
37%
MFThiago Motta
35%
FWAlessio Cerci
30%
MFMarco Parolo
23%
DFGabriel Paletta
20%
MFAlberto Aquilani
16%

Score Distribution

Percentile by Number Answered

Percent of People with Each Score

Your Score History

You have not taken this quiz